Philippines Mixed Quiz - Statistics

General Stats
  • This quiz has been taken 1,113 times
    1,112 since last reset
  • The average score is 8 of 10
Answer Stats
Question Answer % Correct
Who is the author of noli me tanghere and el filibusterismo? Jose rizal
99%
Who is the miss saigon? Lea salonga
96%
What is the Philippine national anthem? Lupang hinirang
94%
Who is the first president of the Philippines? Emilio Aguinaldo
91%
Who is the miss universe that represent the Philippines in 2015? Pia wurtzbach
85%
What is the capital of metro manila? Quezon City
80%
What is famous volcano in the Philippines? Mt.mayon
78%
How many island are there in the Philippines? 7,100
74%
What is the symbol of blue color in the Philippine flag? Peace
55%
Who is the first vice president of the Philippines? Mariano triaz
29%
No matching quizzes found
Score Distribution
Percent of People with Each Score
Percentile by Number Answered
Your Score History
You have not taken this quiz since the last reset